vi juegos deportivos nacionales San Pedro de Macorís 1983 /. (Registro nro. 31399)
[ vista simple ]
| 000 -CABECERA | |
|---|---|
| campo de control de longitud fija | 00485nam a2200133 a 4500 |
| 001 - NÚMERO DE CONTROL | |
| campo de control | 000031908 |
| 005 - FECHA Y HORA DE LA ÚLTIMA TRANSACCIÓN | |
| campo de control | 20200930063255.0 |
| 008 - DATOS DE LONGITUD FIJA--INFORMACIÓN GENERAL | |
| campo de control de longitud fija | 110707s1983 dr 000 0 spa d |
| 040 ## - FUENTE DE LA CATALOGACIÓN | |
| Centro catalogador/agencia de origen | DO-SdBNP |
| 111 ## - ENTRADA PRINCIPAL--NOMBRE DE CONGRESO/REUNIÓN | |
| Nombre de congreso/reunión o jurisdicción como elemento de entrada | Juegos deportivos nacionales |
| Sede del congreso/Lugar de la reunión | (San Pedro de Macorís, República Dominicana |
| Fecha del congreso/reunión | 1983 |
| Número del congreso/reunión o número de parte o sección | 6: ) |
| 9 (RLIN) | 58097 |
| 245 10 - MENCIÓN DE TÍTULO | |
| Título | vi juegos deportivos nacionales San Pedro de Macorís 1983 /. |
| 260 ## - PUBLICACIÓN, DISTRIBUCIÓN, ETC. | |
| Lugar de publicación, distribución, etc. | San Pedro de Macoris, República Dominicana : |
| Nombre del editor, distribuidor, etc. | SEDEFIR. |
| 300 ## - DESCRIPCIÓN FÍSICA | |
| Extensión | 255 p. : |
| Otras características físicas | il. ; |
| Dimensiones | 28 cm. |
| Estado de retiro | Estado de pérdida | No para préstamo | Código de colección | Localización permanente | Ubicación/localización actual | Ubicación en estantería | Fecha de adquisición | Número de inventario | Total de préstamos | Signatura topográfica completa | Código de barras | Fecha visto por última vez | Precio válido a partir de | Tipo de ítem Koha |
|---|---|---|---|---|---|---|---|---|---|---|---|---|---|---|
| Excluido de préstamo | Patrimonio Dominicano | Patrimonio Dominicano | Patrimonio Dominicano | Depósito | 07.07.2011 | LF1 | 31908-10 | 25.06.2020 | 25.06.2020 | Libro y Folleto Colección Patrimonio Dominicano |
